Дело об учительских институтах и уездных училищах

Доступно только в Электронных читальных залах Найти на картеНа карте
RUSMARC
00004031nmc2a22000003x 450
00178b62428-7e28-4112-86bc-38d306db6f89
00520180712111527.0
100##$a20160413l18721873k l0rusy0189 ca
1010#$arus
102##$aRU
2001#$aДело об учительских институтах и уездных училищах
$j1872-1873 гг.
$eCоставленные А.С. Вороновым проекты положений, объяснительная записка к уставу Молодечинского института; выписки: из законодательных материалов по учреждению указанных учебных заведений в разных городах и должности сверхштатного учителя черчения и чистописания при семинариях; из журнала Ученого комитета - о подготовке народных учителей
251##$cДело
300##$aАвтографы. (Черновики), копии рукописные
801#0$aRU
$bРГИА
$c20160413
$gRCR
801#1$aRU
$bГлавНИВЦ
$c20160413
$2rusmarc
801#2$aRU
$bПБ им. Б.Н. Ельцина
$c20180712
$gRCR
$2rusmarc
850##$aРГИА
852##$aРГИА
$eФедеральное казенное учреждение "Российский государственный исторический архив" (РГИА)
$j17
937##$hРГИА
$d12201705
$aASBIBLIO_SCAN
462#0$1001d00eb924-b8c4-46ea-b08b-551519b642a2
$12001
$aЛичные документы А.С. Воронова и материалы по вопросам народного образования в России
$1251
$cОпись
$1852
$j1
461#0$1001f6df60a8-a3d6-445b-9e6a-669b0dd5e9bc
$12001
$aВоронов Андрей Степанович (1818-1875)
$1251
$cФонд
$1852
$j845
215##$a52 л.
$d36,5х26 см
371##$aДокумент не является опубликованным и широко распространяемым
105##$ay###
1222#$ad
035##$a78b62428-7e28-4112-86bc-38d306db6f89
856##$uhttp://readingroom.main.prlib.ru/item.aspx?id_node=n117222287&mode=full
Формат отображения